01388nam a2200373Ia 450000500170000000800410001702000180005804100080007610000300008424500480011425000220016226400290018430000480021333600270026133700330028833800280032152100350034953400220038465000520040665000500045865000380050865000370054665000380058365000350062165000360065665000340069270000340072670000410076094200150080104000350081608400110085199900150086295201370087720220317001723.0170328s2010 m a g 000 0 s  a9789702009757 aspa10aThé, Tjong-Khingd1933-10aDónde está el pastel?cThéTjong-Khing aPriemra edición 1aMéxicobCastilloc2010 a28 páginasbilustraciones a colorc29 cm. atextobtxt2rdacontent asin mediaciónbn2rdamedia avolumenbnc2rdacarrier aRecomendado desde los 3 años tWaar is de taart?142LEMBaÁlbumes infantiles indonesiosySiglo XX142LEMBaLiteratura infantil indonesiaySiglo XX142LEMBaAnimalesvÁlbum infantil 142LEMBaPastelesvÁlbum infantil142LEMBaAventurasvÁlbum infantil142LEMBaPerrosvÁlbum infantil142LEMBaRatonesvÁlbum infantil142LEMBaRobosvÁlbum infantil1 aArmida, Pilareeditora9191031 aGranados, Obsidianaeeditora9105374 2loccBKINF aCO-BoRNBPbspaerdacCO-BoRNBP aA THE3 c7856d7856 001040708InfPoTiaMEVIGERRbMEVIGERRcSInfd2013-02-22oA THEpECA21902r2024-11-26 09:36:58tEj.1w2024-11-26yBKz16293 | 21073